000 02422nam0a2200445 4500
001 RU\NLR\BIBL_A\012120460
005 20260407132851.0
021 _aRU
_b2019-70174
_9КН-П-5064
029 1 0 _aRU
_b2-2.3-1160-2018
_cСТО Газпром
035 _a(NLR Aleph) 012120460
035 _a(RuMoRGB)010096106
090 _a11990070
_c11990070
100 _a20191015d2019 k y0rusy50 ca
101 0 _arus
102 _aRU
105 _aa l 000|y
200 9 _aМетодика оценки показателей надежности линейной части магистральных газопроводов, не подготовленных к проведению внутритрубной инспекции
_eСТО Газпром 2-2.3-1160-2018
_fразработан Институтом физики металлов Уральского отделения Российской академии наук
205 _aИзд. офиц.
210 _aСанкт-Петербург
_cГазпром экспо
_d2019
215 _aVI, 48 с.
_cил
_d29
225 1 _aДокументы нормативные для проектирования, строительства и эксплуатации объектов ПАО "Газпром"
225 1 _aСтандарт организации
_fГазпром
239 _aВвед. 01.11.2018
320 _aБиблиогр.: с. 45,47 (9 назв.)
517 1 _aСТО Газпром 2-2.3-1160-2018
606 1 _aГазопроводы магистральные
_jНормативные документы
_xТрубопроводы
_xНадежность
_92426354
_3RU\NLR\AUTH\6601662986
610 0 _aпоказатель надежности
610 0 _aлинейная часть магистрального газопровода
610 0 _aалгоритмы ранжирования участков
686 _a75.200
_v2000
_2ОКС
686 1 _aО76-021.1я82
712 0 2 _4725
_a"Газпром", российское акционерное общество
_3RU\NLR\AUTH\889994843
_9486484
712 0 2 _4900
_aИнститут физики металлов им. М. Н. Михеева
_cЕкатеринбург
_3RU\NLR\AUTH\8810029324
_9557211
942 _cBOOK
980 _aSCAN_DONE
980 _aNBR
980 _aNB